00541nam a22001457a 450000500170000000800410001702000180005804100130007608200140008910000450010324501580014826000320030630000320033865000250037020231026124438.0231026b |||||||| |||| 00| 0 eng d a9780409023831 aEnglish  a346.7 NIE aNienaber, PM and Reinecke, MFBlEnglish  aLife Insurance in South Africa - A compendium : bA perspective from the office of the Ombudsman for Long-term Insurance /cPM Nienaber and MFB Reinecke  aDurban :bLexisNexis,c2009 bxxii, 415 pages ;c24,8 cm. aLegal practice bLaw